| Tag |
First Indicator |
Second Indicator |
Subfields |
| LEADER |
00000cam a2200000 i 4500 |
| 001 |
in00000052937 |
| 005 |
20151007074228.0 |
| 008 |
800110s1979 ja a b 11000 eng |
| 010 |
|
|
|a 79084783
|
| 015 |
|
|
|a Ja***
|
| 020 |
|
|
|a 0896400336
|
| 035 |
|
|
|a (OCoLC)05293912
|
| 035 |
|
|
|9 AAF1161AM
|
| 040 |
|
|
|a DLC
|c DLC
|d TXA
|d UtOrBLW
|
| 049 |
|
|
|a TXAM
|c [1160178]
|
| 050 |
0 |
0 |
|a QP361
|b .I56 1979
|
| 082 |
0 |
|
|a 599/.01/88
|
| 245 |
0 |
0 |
|a Integration in the nervous system :
|b a symposium in honor of David P. C. Lloyd and Rafael Lorente de No, the Rockefeller University, May 4-5, 1978 /
|c edited by Hiroshi Asanuma and Victor J. Wilson.
|
| 250 |
|
|
|a 1st ed.
|
| 264 |
|
1 |
|a Tokyo ;
|a New York :
|b Igaku-Shoin,
|c [1979]
|
| 264 |
|
4 |
|c ©1979
|
| 300 |
|
|
|a x, 357 pages :
|b illustrations ;
|c 27 cm.
|
| 336 |
|
|
|a text
|b txt
|2 rdacontent
|
| 337 |
|
|
|a unmediated
|b n
|2 rdamedia
|
| 338 |
|
|
|a volume
|b nc
|2 rdacarrier
|
| 504 |
|
|
|a Includes bibliographies.
|
| 650 |
|
0 |
|a Neurophysiology
|v Congresses.
|
| 700 |
1 |
|
|a Lloyd, David P. C.
|
| 700 |
1 |
|
|a Lorente de Nó, Rafael.
|
| 700 |
1 |
|
|a Wilson, Victor J.
|q (Victor Joseph),
|d 1928-
|
| 700 |
1 |
|
|a Asanuma, Hiroshi.
|
| 999 |
|
|
|a MARS
|
| 999 |
f |
f |
|s 1b5ad89a-5740-3299-9d7a-97bfb7b71214
|i d1e0b046-c88b-3cba-9ed9-7d499d254875
|t 0
|
| 952 |
f |
f |
|p ric
|a Texas A&M University
|b Rellis Campus
|c Joint Library Facility
|d Remote Storage
|t 0
|e QP361 .I56 1979
|h Library of Congress classification
|i unmediated -- volume
|m A14805011435
|
| 998 |
f |
f |
|a QP361 .I56 1979
|t 0
|l Remote Storage
|